ARRUPE JESUIT UNIVERSITY

CORONAVIRUS -STOP THE SPREAD - CLEAN,DISINFECT,COVER

The humanist-scholastic debate in the Renaissance & Reformation / (Record no. 123153)

MARC details
000 -LEADER
fixed length control field 01224cam a2200313 a 4500
001 - CONTROL NUMBER
control field 4434391
003 - CONTROL NUMBER IDENTIFIER
control field ARRUPE
005 - DATE AND TIME OF LATEST TRANSACTION
control field 20150827143623.0
008 - FIXED-LENGTH DATA ELEMENTS--GENERAL INFORMATION
fixed length control field 940825s1995 mau b 001 0 eng
010 ## - LIBRARY OF CONGRESS CONTROL NUMBER
LC control number 94034983
020 ## - INTERNATIONAL STANDARD BOOK NUMBER
International Standard Book Number 0674422503
040 ## - CATALOGING SOURCE
Original cataloging agency DLC
Transcribing agency DLC
Modifying agency DLC
050 00 - LIBRARY OF CONGRESS CALL NUMBER
Classification number PN175
Item number .R86 1995
082 00 - DEWEY DECIMAL CLASSIFICATION NUMBER
Classification number 808.53/09/031
Edition number 20
300 ## - PHYSICAL DESCRIPTION
Dimensions 25 cm.
100 1# - MAIN ENTRY--PERSONAL NAME
Personal name Rummel, Erika,
Dates associated with a name 1942-
9 (RLIN) 19017
245 14 - TITLE STATEMENT
Title The humanist-scholastic debate in the Renaissance & Reformation /
Statement of responsibility, etc Erika Rummel.
260 ## - PUBLICATION, DISTRIBUTION, ETC. (IMPRINT)
Place of publication, distribution, etc Cambridge, Mass. :
Name of publisher, distributor, etc Harvard University Press,
Date of publication, distribution, etc 1995.
300 ## - PHYSICAL DESCRIPTION
Extent 249 p. ;
490 1# - SERIES STATEMENT
Series statement Harvard historical studies ;
Volume number/sequential designation 120
504 ## - BIBLIOGRAPHY, ETC. NOTE
Bibliography, etc Includes bibliographical references (p. 199-211) and index.
650 #0 - SUBJECT ADDED ENTRY--TOPICAL TERM
Topical term or geographic name as entry element Rhetoric, Renaissance.
9 (RLIN) 19018
650 #0 - SUBJECT ADDED ENTRY--TOPICAL TERM
Topical term or geographic name as entry element Debates and debating.
9 (RLIN) 19019
650 #0 - SUBJECT ADDED ENTRY--TOPICAL TERM
Topical term or geographic name as entry element Humanism
General subdivision History.
9 (RLIN) 19020
650 #0 - SUBJECT ADDED ENTRY--TOPICAL TERM
Topical term or geographic name as entry element Scholasticism
General subdivision History.
9 (RLIN) 19021
830 #0 - SERIES ADDED ENTRY--UNIFORM TITLE
Uniform title Harvard historical studies ;
Volume number/sequential designation v. 120.
9 (RLIN) 19022
906 ## - LOCAL DATA ELEMENT F, LDF (RLIN)
a 7
b cbc
c orignew
d 1
e ocip
f 19
g y-gencatlg
942 ## - ADDED ENTRY ELEMENTS (KOHA)
Source of classification or shelving scheme Library of Congress Classification
Koha item type Monograph ( Printed materials)
Holdings
Withdrawn status Lost status Source of classification or shelving scheme Damaged status Not for loan Collection code Home library Current library Shelving location Date acquired Total Checkouts Full call number Barcode Date last seen Price effective from Koha item type
    Library of Congress Classification     Main Collection ARRUPE LIBRARY ARRUPE LIBRARY Main Collection 27/08/2015   PN175.R86 1995 46500004341 27/03/2019 27/08/2015 Monograph ( Printed materials)

 

Arrupe Library. PO Box MP320 Mt Pleasant, Harare, Zimbabwe
263 242 745411|librarian@aju.ac.zw